000
00300nam a22001337a 4500
008
170606b xxu||||| |||| 00| 0 eng d
020
_a
9780981240503
041
_a
eng
080
_a
94
100
_a
18
101
_a
SHH
245
_a
A PEOPLE'S HISTORY OF QUEBEC
_c
LACOURSIERE,J
942
_2
udc
_c
BK
999
_c
16139
_d
16139